000 00412nam a2200157Ia 4500
005 20250403171226.0
008 231217s9999 xx 000 0 und d
020 _a9788131401408
082 _a658 SHA ;1 R
100 _aShanti, N M ed.
245 0 _aSix sigma in services : Concepts and applications
260 _c2006
_bICFAI Press
_aHyderabad
300 _aix, 172
650 _asix,sigma
942 _cAA
999 _c191347
_d191347